|
|
|
|
| LEADER |
02040nam a22003257a 4500 |
| 001 |
40154 |
| 003 |
BD-DhAAL |
| 005 |
20221206122810.0 |
| 008 |
221204t2022 bg a|||| b||| 001 0 ben d |
| 999 |
|
|
|c 45115
|d 45115
|
| 020 |
|
|
|a 9789847768946
|
| 040 |
|
|
|a BD-DhAAL
|c BD-DhAAL
|
| 041 |
|
|
|a ben
|
| 082 |
|
|
|a 954.9205
|2 23
|
| 245 |
|
|
|a ক্রীড়াঙ্গন থেকে রণাঙ্গন :
|b শহিদ জুয়েল বীর বিক্রম স্মারকগ্রন্থ /
|c গ্রন্থনা রুবিনা হোসেন ; সম্পাদক মুহাম্মদ কামরুজ্জামান
|
| 246 |
|
|
|a Krirangon theke ranangon :
|b a commemorative volume on martyr jewel bir bikrom /
|
| 260 |
|
|
|a ঢাকা :
|b বাংলাদেশ ক্রিকেট সাপোর্টার্স অ্যাসোসিয়েশন (বিসিএসএ),
|c ২০২২
|
| 300 |
|
|
|a ৩৪২ পৃষ্ঠা :
|b চিএ ;
|c ২৪ সে.মি.
|
| 504 |
|
|
|a গ্রন্থপঞ্জিগত নির্দেশিকা ও নিঘন্ট অন্তর্ভুক্ত।
|
| 526 |
|
|
|a AAL
|
| 541 |
|
|
|a Complimentary copy from Syed M Hashmi, Director, GEN, Brac University.
|e 40154
|
| 600 |
|
|
|a চৌধুরী, আব্দুল হালিম,
|d ১৯৫০-১৯৭১
|9 52707
|
| 650 |
|
|
|a Bangladesh
|x History
|y Revolution, 1971.
|9 52703
|
| 650 |
|
|
|a বাংলাদেশ
|x ইতিহাস
|y মুক্তিযুদ্ধ, ১৯৭১.
|9 52704
|
| 650 |
|
|
|a Martyrs
|z Bangladesh
|x Correspondence.
|9 52706
|
| 700 |
|
|
|a হোসেন, রুবিনা
|9 52705
|
| 700 |
|
|
|a কামরুজ্জামান, মুহাম্মদ
|9 52708
|
| 852 |
|
|
|a Ayesha Abed Library
|c Bangabandhu Corner
|
| 942 |
|
|
|2 ddc
|c BK
|
| 952 |
|
|
|0 0
|1 0
|2 ddc
|4 0
|6 954_920500000000000_KRI
|7 0
|9 72431
|a BRACUL
|b BRACUL
|c BNC
|d 2022-12-04
|e Complimentary copy from Syed M Hashmi
|g 800.00
|l 0
|o 954.9205 KRI
|p 3010040154
|r 2022-12-04
|t 1
|v 800.00
|w 2022-12-04
|y BK
|